000 00440nam a2200169Ia 4500
003 GCL
008 140319s9999 xx 000 0 eng d
040 _aGCL /
_cGCL
082 0 4 _a547.59
_bG H
100 1 _aGILCHRIST, T. L.
245 1 0 _aHETEROCYCLIC CHEMISTRY /
_cGILCHRIST, T. L.
260 _a[S.N] :
_bLONGMAN SCIENTIFE & TECHNICAL ،
_c1992
300 _a396 P
650 0 4 _aCHEMISTRY
650 0 4 _aHETEROCYCLIC
942 _2ddc
_cBK
999 _c21075
_d21075